[Event "FIDE World Cup 2017"]
[Site "Tbilisi"]
[Date "2017.09.05"]
[Round "1.7"]
[White "Salgado Lopez, Ivan"]
[Black "Jobava, Baadur"]
[Result "1/2-1/2"]
[WhiteElo "2627"]
[BlackElo "2702"]
[Annotator "TA"]
[PlyCount "83"]
[EventDate "2017.??.??"]
[EventType "k.o."]
[EventCountry "GEO"]
[SourceTitle "playchess.com"]
[Source "ChessBase"]
[SourceQuality "1"]

{[%evp 15,83,39,35,23,29,22,45,39,52,42,77,72,81,67,71,58,74,95,90,24,82,18,120,116,138,138,133,136,137,134,139,137,160,158,182,177,196,196,219,114,120,112,120,113,126,115,123,110,121,131,132,130,177,165,293,165,165,0,0,0,0,0,20,13,51,0,0,0,0,0]} 1. e4 d6 2. d4 Nf6 3. Nc3 e5 4. dxe5 dxe5 5. Qxd8+ Kxd8 6. Bc4 Ke8 7. Nf3 Bd6 8. Be3 {B07: Pirc Defence: Miscellaneous Systems} (8. Bg5 Nbd7 9. Nd2 c6 10. Bb3 Bc7 11. O-O Nc5 12. Be3 Ne6 13. f3 Ke7 14. Rfd1 Rd8 15. Ne2 Nh5 16. g3 Nf6 {½-½ (50) Shomoev,A (2550)-Najer,E (2682) Sochi 2017}) 8... a6 {LiveBook: 16 Games} 9. a3 h6 10. h3 {White has an edge.} Ke7 $146 ({Predecessor:} 10... b5 11. Bb3 Bb7 12. Nd2 Nbd7 13. f3 c6 14. O-O-O Ke7 15. Nf1 Bc5 {0-1 (55) Sayafarova,A (1745)-Fominykh,M (2282) Moscow 2013}) 11. O-O-O Be6 12. Nd2 (12. Bxe6 {with more complications.} fxe6 13. Rhg1 Nc6 14. Ne1 Nd7 15. Nd3) 12... Nbd7 13. Bxe6 Kxe6 14. Nc4 Rac8 15. f3 Bc5 16. Bxc5 Nxc5 17. Na5 (17. Nd5 $16) 17... Rb8 (17... Rhd8 $11 {keeps the balance.}) 18. Rd2 ({White should try} 18. b4 $16 Ncd7 19. Rd3) 18... Ke7 (18... Rhd8 $11) 19. Rhd1 Ne6 20. Nc4 Rbd8 21. Nxe5 Rxd2 22. Rxd2 h5 23. h4 c6 24. Na4 Rg8 25. Nb6 $1 g5 26. hxg5 Rxg5 {[#]} 27. Nd3 (27. Nec4 $1 $18) 27... h4 $16 28. Nc4 Nh5 29. Ne3 Ng3 30. Kd1 Rh5 31. Ke1 h3 32. gxh3 Rxh3 33. Rg2 Nd4 {[#]} 34. Nf2 $1 {[%cal Rf2h3]} Nxf3+ 35. Kd1 Rh2 36. Rxh2 $2 (36. Rxg3 $18 Rxf2 37. Ng4 Rd2+ 38. Kc1) 36... Nxh2 $18 {[%mdl 4096] Endgame KNN-KNN} 37. Nc4 Kd7 38. Kd2 Nf3+ 39. Ke3 Nh4 40. Ng4 (40. Nd3 $14) 40... f5 $11 41. exf5 Ngxf5+ 42. Kd3 {Precision: White = 72%, Black = 48%.} 1/2-1/2

[Event "FIDE World Cup 2017"]
[Site "Tbilisi"]
[Date "2017.09.05"]
[Round "1.8"]
[White "Jobava, Baadur"]
[Black "Salgado Lopez, Ivan"]
[Result "1-0"]
[WhiteElo "2702"]
[BlackElo "2627"]
[Annotator "TA"]
[PlyCount "75"]
[EventDate "2017.??.??"]
[EventType "k.o."]
[EventCountry "GEO"]
[SourceTitle "playchess.com"]
[Source "ChessBase"]
[SourceQuality "1"]

{[%evp 15,75,-27,-25,-38,-43,-45,-16,-31,0,-25,0,0,0,-12,-8,-22,-16,-30,-41,-28,-8,-15,-16,-39,-37,-47,-56,-35,6,6,10,0,0,0,0,0,7,13,77,72,104,105,108,85,106,65,259,254,309,319,316,320,286,287,510,487,608,600,1009,878,878,874]} 1. e4 e5 2. Nf3 Nf6 3. d3 Nc6 4. c3 d5 5. Qc2 a5 6. a4 {C44: Ponziani Opening and Scotch Gambit} Bc5 7. Be2 O-O 8. O-O h6 {LiveBook: 4 Games} 9. h3 (9. Na3 Re8 10. h3 Be6 11. Re1 Qd7 12. Bf1 Rad8 13. Nb5 Bb6 {½-½ (49) Jobava,B (2713)-Matlakov,M (2714) Minsk 2017}) 9... Be6 10. Re1 dxe4 $146 ({Find the theoretical novelty and annotate with similar games:} 10... Qd7 11. Nbd2 Bxh3 12. gxh3 Qxh3 13. d4 exd4 14. cxd4 Bxd4 15. Nxd4 Nxd4 {0-1 (47) Boskovic,D (2433)-Kastanieda,G (2406) playchess.com INT 2005}) 11. dxe4 Qe7 12. Na3 Rad8 13. Bb5 Nd7 14. Be3 Bxe3 15. Rxe3 f6 16. Bc4 Bxc4 17. Nxc4 Qe6 (17... Qf7 $5 {[%cal Rf7c4]} 18. b3 b6 $11) 18. Na3 Ne7 19. Rd1 Nc5 20. b4 Rxd1+ 21. Qxd1 axb4 22. cxb4 Na6 23. b5 $36 {[%mdl 2048] White has good play.} Nc5 24. Qc2 b6 25. a5 Ra8 26. Nc4 bxa5 (26... Qd7 $11) 27. Ncxe5 $1 $16 Nd7 28. Nxd7 Qxd7 29. Qc4+ Kh7 30. e5 {[%cal Be4e5,Be5f6][%mdl 32]} Qd5 $2 {[#]} (30... f5 $1 $14) 31. Qxc7 $18 Qd1+ 32. Re1 Qd8 33. Qxd8 Rxd8 34. exf6 Nd5 $2 (34... Ng6 {was necessary.} 35. Ra1 gxf6 36. Rxa5 Rd1+ 37. Kh2 Kg8) 35. Rd1 {White is clearly winning.} a4 36. f7 a3 37. Ne5 ({Weaker is} 37. Rxd5 Rxd5 38. f8=Q a2 $14) 37... a2 {[#]} 38. Nd7 $1 {[%mdl 512] Precision: White = 52%, Black = 41%.} 1-0